Mx 115 (28)

Description: Augustus Henricus Faschius [Fasch]: De Pest. [Resp.:] Johannes Block. ([Halle] 1681:) Literis Nisianis. 28 S. 8° Halle, Med. Diss. volume 18. Apr. 1681.

Bibliographic Details
Main Author: Fasch, Augstin Heinrich (Author)
Corporate Author: Adam Matthew Digital (Firm) (digitiser.)
Format: eBook
Language:English
Published: Marlborough, Wiltshire : Adam Matthew Digital, 2019.
Series:AM Scholar: Medieval and Early Modern Studies.
Subjects:
Online Access:Connect to the full text of this electronic book

MARC

Tag First Indicator Second Indicator Subfields
LEADER 00000cam a2200000Mi 4500
001 in00005487821
006 m o u
007 cr |n|---uuuuu
008 190530s2019 enk o ||| 0 eng d
005 20240917182212.7
035 |a (OCoLC)on1149302964 
040 |a UKAMD  |b eng  |c UKAMD  |d OCLCO 
035 |a (OCoLC)1149302964 
049 |a TXAM 
100 1 |a Fasch, Augstin Heinrich,  |e author. 
245 1 0 |a Mx 115 (28)  |g 1681. 
264 1 |a Marlborough, Wiltshire :  |b Adam Matthew Digital,  |c 2019. 
300 |a 1 online resource. 
336 |a text  |b txt  |2 rdacontent 
337 |a computer  |b c  |2 rdamedia 
338 |a online resource  |b cr  |2 rdacarrier 
490 1 |a AM Scholar: Medieval and Early Modern Studies. 
520 8 |a Description: Augustus Henricus Faschius [Fasch]: De Pest. [Resp.:] Johannes Block. ([Halle] 1681:) Literis Nisianis. 28 S. 8° Halle, Med. Diss. volume 18. Apr. 1681. 
534 |p Reproduction of:  |t Mx 115 (28)  |c 1681. 
535 1 |a Herzog August Bibliothek, Wolfenbüttel 
542 |f Herzog August Bibliothek, Wolfenbüttel 
588 0 |a Description based on online resource (viewed on May 30, 2019). 
655 7 |a Electronic books.  |2 local 
710 2 |a Adam Matthew Digital (Firm),  |e digitiser. 
830 0 |a AM Scholar: Medieval and Early Modern Studies. 
856 4 0 |u http://proxy.library.tamu.edu/login?url=https://www.amscholar.amdigital.co.uk/Documents/Details/BD_Reel26_Vol8  |z Connect to the full text of this electronic book  |t 0 
955 |a Adam Matthew Scholar Medieval and Early Modern Studies 
994 |a 92  |b TXA 
999 f f |s 23d50ca8-9c0e-4516-8010-7dba15443465  |i d2bed5f5-b574-42a7-98f3-de64dc5d675f  |t 0 
952 f f |a Texas A&M University  |b College Station  |c Electronic Resources  |d Available Online  |t 0  |h Library of Congress classification 
998 f f |t 0  |l Available Online